| 000 | 00602nam a2200193 a 4500 | ||
|---|---|---|---|
| 001 | 000034350 | ||
| 005 | 20200930073643.0 | ||
| 008 | 111003s1982 es 000 0 spa d | ||
| 020 | _a8427911521 | ||
| 040 |
_aDO-SdBNP _bspa _cBNPHU |
||
| 100 | 1 |
_aFallaci, Oriana _959775 |
|
| 240 | 1 | 0 |
_aTít. orig.: _kLettera a un bambino mai nato _litaliano |
| 245 | 1 | 0 |
_aCarta a un niño que nunca nació / _cOriana Fallaci ; traducción Atilio Pentimalli. |
| 250 | _a31a ed. | ||
| 260 |
_aEspaña : _bbNoguer, _c1982. |
||
| 300 |
_a119 p. ; _c23 cm. |
||
| 700 | 1 |
_aPentimalli, Atilio, _etr. _959776 |
|
| 049 | _aBNPD | ||
| 999 |
_c33841 _d33841 |
||